00880nam a2200253 a 450000100100000000500170001000800410002704000250006808200190009310000250011224000410013724500770017826000350025530000210029049000130031153400510032465000260037565000300040170000350043183000170046604900090048395201170049299900170060900002193120200930011516.0100914s1969 ve r 000 jbspa d aDO-SdBNPbspacBNPHU a853.912bP321d1 aPatti, Ercole945513 0aLe donne e altri raccontilespañol14aLas Mujeres :brelatos /cErcole Patti; traducción, Rosa Moreno Roger. aCaracas :bMonte Avila,c1969. a162 p. ;c20 cm.1 aPrisma ; aTítulo original :tLe donne e altri racconti 4aNovela italiana94322 4aLiteratura italiana933291 aMoreno Roger, Rosaetr.931811 0aPrisma93770 aBNGR 001050718MOaGRbGRcCTd2010-09-14iLF1l0o853.912 P321dp21931-10r2020-06-25w2020-06-25y1ZNo se presta c21429d21429